A Geology for engineers / (Record no. 9874)

MARC details
000 -LEADER
fixed length control field 00640nam a22002172 4500
001 - CONTROL NUMBER
control field 0000023580
005 - DATE AND TIME OF LATEST TRANSACTION
control field 20151217152244.0
008 - FIXED-LENGTH DATA ELEMENTS--GENERAL INFORMATION
fixed length control field 130228s xx 000 0 eng d
020 ## - INTERNATIONAL STANDARD BOOK NUMBER
International Standard Book Number 8131201411 :
040 ## - CATALOGING SOURCE
Original cataloging agency KABU
Transcribing agency KABU
100 1# - MAIN ENTRY--PERSONAL NAME
Personal name Blyth, F. G. H.
-- 0000183053
245 12 - TITLE STATEMENT
Title A Geology for engineers /
Statement of responsibility, etc. F. G. H. Blyth, M. H. de Freitas.
250 ## - EDITION STATEMENT
Edition statement 7th ed.
260 ## - PUBLICATION, DISTRIBUTION, ETC. (IMPRINT)
Place of publication, distribution, etc. Oxford :
Name of publisher, distributor, etc. Butterworth,
Date of publication, distribution, etc. 1984.
300 ## - PHYSICAL DESCRIPTION
Extent x, 325 p.
650 #0 - SUBJECT ADDED ENTRY--TOPICAL TERM
Topical term or geographic name as entry element Engineering geology.
-- 0000156159
700 1# - ADDED ENTRY--PERSONAL NAME
Personal name Freitas, M. H. de.
-- 0000183054
852 1# - LOCATION
-- p3200 KES
908 ## - PUT COMMAND PARAMETER (RLIN)
Put command parameter 130228
950 ## - LOCAL HOLDINGS (RLIN)
-- 1
Holdings
Withdrawn status Lost status Source of classification or shelving scheme Not for loan Home library Current library Date acquired Total Checkouts Full call number Barcode Date last seen Price effective from Koha item type
    Library of Congress Classification   Kabarak, Main Campus Kabarak, Main Campus 17/12/2015   QE33 .B59 1984 c. 1 014467 17/12/2015 17/12/2015 General Collection
Designed with assistance from East African Informatics Ltd